Minecraft featured servers - Statistics

General Stats
  • This quiz has been taken 15 times
    14 since last reset
  • The average score is 5 of 8
Answer Stats
Current/Former Servers % Correct
Current The Hive
100%
Current CubeCraft
92%
Current Lifeboat
77%
Former Mineplex
62%
Current Galaxite
46%
Current Mineville
46%
Current Enchanted Dragons
31%
Former Pixel Paradise
23%
No matching quizzes found
Score Distribution
Percent of People with Each Score
Percentile by Number Answered
Your Score History
You have not taken this quiz since the last reset